Statistics for Ireland's Biggest Wins as a Rugby World Cup

Click here to take the quiz!

General Stats

  • This quiz has been taken 4 times
    (3 since last reset)
  • The average score is 7 of 11

Answer Stats

NOppositionScoreYearTriesConversionsPenaltiesDrop Goals% Correct
1Romania82-82023Gibson-Park, Keenan, Beirne (x2), Aki (x2), Sexton (x2), Herring, O'Mahoney (x2), McCarthySexton (x7), Crowley (x4)
100%
9Romania44-102015Bowe (x2), Earls (x2), R. Kearney, HenryMadigan (x4)Madigan (x2)
100%
10Romania44-141999O'Shea (x2), Ward, Tierney, O'CuinneagainElwood (x5)Elwood (x2)O'Driscoll
100%
5Canada50-72015O'Brien, Henderson, Sexton, D. Kearney, Cronin, R. Kearney, PayneSexton (x3), Madigan (x3)Sexton
67%
7Canada46-191987Crossan (x2), Bradyley, Spillane, Ringland, MacNeilKiernan (x5)Kiernan (x2)Ward, Kiernan
67%
1Namibia64-72003Quinlan (x2), Dempsey, Hickie, Horan, Miller (x2), G. Easterby, S Horgan, KellyO'Gara (x7)
67%
3United States53-81999Bishop, Wood (x4), O'Driscoll, Penalty TryHumphreys (x4), Elwood (x2)Humphreys (x2)
67%
2Russia62-122011McFadden, O'Brien, Boss, Earls (x2), Trimble, Kearney, Jennings, BuckleyO'Gara (x6), SextonO'Gara
33%
8Russia35-02019R. Kearney, O'Mahoney, Ruddock, Conway, RingroseSexton (x3), Carty (x2)
33%
6Samoa47-52019Best, Furlong, Sexton (x2), Larmour, Stander, ConwaySexton (x4), Carbery (x2)
33%
4Zimbabwe55-111991Robinson (x4), Popplewell (x2), Goeghegan, CurtisKeyes (x4)Keyes (x5)
0%

Score Distribution

Percentile by Number Answered

Percent of People with Each Score

Your Score History

You have not taken this quiz since the last reset